000 00488nam a2200181Ia 4500
005 20250508161704.0
008 008 250505s9999 xx 000 0 eng d
037 _aTextual
040 _aFEDL
_beng
_cFEDL
041 _aeng
_2eng
084 _a610, GOI
_qFEDL
100 _aGoin Coleman J
_9771348
245 0 _aMan and the natural world : An introduction to life science
260 _c1970
300 _a643p.
942 _cTEXL
_h610, GOI
999 _c1371565
_d1371565